|
|
|
|
| LEADER |
01258nam a2200277 a 4500 |
| 001 |
13132425 |
| 008 |
100428s2003 enkab b 000 0 eng d |
| 010 |
|
|
|a 2003104332
|
| 020 |
|
|
|a 1903973333
|
| 040 |
|
|
|a ILO
|c ILO
|d PU
|d DLC
|d BD-DhAAL
|
| 082 |
0 |
0 |
|a 720/.483
|2 22
|
| 100 |
1 |
|
|a Abel, Chris.
|
| 245 |
1 |
0 |
|a Sky high :
|b vertical architecture /
|c Chris Abel.
|
| 246 |
3 |
0 |
|a Vertical architecture
|
| 260 |
|
|
|a London :
|b Royal Academy of Arts,
|c c2003.
|
| 300 |
|
|
|a 120 p. :
|b ill. (some col.), maps ;
|c 26 cm.
|
| 500 |
|
|
|a Published on the occasion of then exhibition held at Royal Academy of Arts, London, June 2-Aug. 10, 2003.
|
| 504 |
|
|
|a Includes bibliographical references (p. 118-119).
|
| 505 |
0 |
|
|a Introduction -- Origins and diversification -- Global shift -- Towards sustainability -- Changing urban form -- Building for megacities -- American postscript.
|
| 541 |
1 |
|
|e 00013787
|
| 650 |
|
0 |
|a Skyscrapers.
|
| 650 |
|
0 |
|a Tall buildings.
|
| 710 |
2 |
|
|a Royal Academy of Arts (Great Britain).
|b Summer Exhibition.
|
| 852 |
4 |
|
|a Ayesha Abed Library
|j General shelf
|
| 999 |
|
|
|c 8286
|d 8286
|
| 952 |
|
|
|0 0
|1 0
|2 ddc
|4 0
|6 720_483000000000000_ABE_2003
|7 0
|9 9529
|a BRACUL
|b BRACUL
|c GEN
|d 2010-04-28
|l 11
|m 87
|o 720.483 ABE
|p 3010013787
|r 2025-10-11
|s 2025-07-14
|t 1
|w 2010-04-28
|y BK
|